| 000 | 00912nam a2200313 a 4500 | ||
|---|---|---|---|
| 999 |
_c7393 _d7393 |
||
| 001 | 7393 | ||
| 003 | BD - JhCC | ||
| 005 | 20180208131850.0 | ||
| 008 | 060427r20061927enk 000 1 eng | ||
| 020 |
_a9780099503743 (pbk.) : _c£7.99 |
||
| 020 |
_a0099503743 (pbk.) : _c£7.99 |
||
| 035 | _a(BD - JhCC)7393 | ||
| 035 | _a(UkLCURL)08b14491564 | ||
| 038 | _aUk | ||
| 040 |
_aStDuBDS _cStDuBDS _dBD-JhCC |
||
| 041 | _aeng | ||
| 082 | 0 | 4 |
_a823.912 _222 _bPOW 2006 |
| 090 |
_aTCD _bPB-274-912 |
||
| 100 | 1 |
_aPowys, Theodore Francis, _d1875-1953. |
|
| 245 | 1 | 0 |
_aMr Weston's good wine / _cT.F. Powys. |
| 260 |
_aLondon : _bVintage Classic, _c2006. |
||
| 300 |
_a240 p. ; _c20 cm. |
||
| 500 | _aOriginally published: London: Chatto & Windus, 1927. | ||
| 650 | 0 |
_aGood and evil _vFiction. |
|
| 651 | 0 |
_aDorset (England) _vFiction. |
|
| 655 | 7 |
_aAllegories. _2gsafd |
|
| 942 |
_2ddc _cBK |
||